| 000 | 00553nam a2200169 i 4500 | ||
|---|---|---|---|
| 001 | 96784 | ||
| 003 | ES-MaACL | ||
| 005 | 20230906181957.0 | ||
| 007 | t| | ||
| 008 | 050630s1953 sp ||||1| spa d | ||
| 100 | 1 |
_aMangold, Walter. _976017 |
|
| 245 | 1 | 0 |
_aActive English _b: "Inglés activo" para estudiantes de habla española, con amplias normas para la práctica oral y fonética / _cWalter Mangold. |
| 250 | _a5ª ed. rev. | ||
| 260 |
_aMadrid : _bMangold, _c1953. |
||
| 300 |
_a3 t. : _bil. ; _c19 cm. |
||
| 852 |
_aES-MaACL _jC-16303-5 _bR.40036 |
||
| 999 |
_c96784 _d96784 |
||